000 00652nam a22001937a 4500
003 NUST-PNEC
005 20170116180711.0
008 141013b xxu||||| |||| 00| 0 eng d
020 _a0070015139
040 _cPNEC
082 _a669.102 HOY
100 _9558
_aHoyt, Samuel L.
245 _aMetals properties ASME Handbook
_cSamuel L. Hoyt
260 _aNew York,
_bMcGraw-Hill,
_c1954.
300 _a433 p. :
_bill. ;
_c25 cm.
500 _aIncludes Index http://www.amazon.com/Properties-Handbook-American-Mechanical-Engineers/dp/0070015139/ref=sr_1_1?s=books&ie=UTF8&qid=1413182589&sr=1-1&keywords=0070015139
650 _xME
942 _2ddc
_cBK
999 _c60985
_d60985